000
00445nam a2200145Ia 4500
008
100204s9999 xx 000 0 und d
082
_b
26664
100
_a
फाटक अनुराधा
245
_a
राऊप्रिया
260
_b
"सानिया पब्लिकेशन , पुणे"
_c
2005
300
_a
219
630
_a
राऊप्रिया
730
_a
राऊप्रिया
942
_c
BOOK
999
_c
471843
_d
471840